Normal view
MARC view
Entry Personal Name
001 - CONTROL NUMBER
- control field: 1063144
003 - CONTROL NUMBER IDENTIFIER
- control field: OSt
005 - DATE AND TIME OF LATEST TRANSACTION
- control field: 20260121170357.0
008 - FIXED-LENGTH DATA ELEMENTS
- fixed length control field: 260121|| aca||aabn | a|a d
040 ## - CATALOGING SOURCE
- Original cataloging agency: OSt
- Transcribing agency: OSt
100 ## - HEADING--PERSONAL NAME
- Personal name: Eli Levin, Doron S. Lubinsky
670 ## - SOURCE DATA FOUND
- Source citation: Work cat.: (OSt)1628873: Eli Levin, Doron S. Lubinsky, Bounds and Asymptotics for Orthogonal Polynomials for Varying Weights
